书目信息 |
| 题名: |
毛泽东诗词集
|
|
| 作者: | ;中共中央文献研究室 编 | |
| 分册: | 下 | |
| 出版信息: | 北京 中国盲文出版社 2005 |
|
| 页数: | 2册 | |
| 开本: | 31cm | |
| 丛书名: | ||
| 单 册: | ||
| 中图分类: | A44 | |
| 科图分类: | ||
| 主题词: | 毛主席诗词--作品集 , 毛主席诗词 | |
| 电子资源: | ||
| ISBN: | 7-5002-1993-8 | |
| 000 | 00794nam0 2200241 450 | |
| 001 | 1567934494 | |
| 005 | 20150201185251.31 | |
| 010 | @a7-5002-1993-8@dCNY38.00 | |
| 100 | @a20110907d2005 em y0chiy50 ea | |
| 101 | 0 | @achi |
| 102 | @aCN@b110000 | |
| 105 | @ay z 000gy | |
| 200 | 1 | @a毛泽东诗词集@9mao ze dong shi ci ji@h下@f中共中央文献研究室编 |
| 210 | @a北京@c中国盲文出版社@d2005 | |
| 215 | @a2册@d31cm | |
| 305 | @a据中央文献出版社2005年版译印 | |
| 330 | @a本书以时间为序共收毛泽东诗词六十七首,对重点字词进行注释,且收录了部分手迹,部分书信、批语、引言等。 | |
| 606 | 0 | @a毛主席诗词@x作品集 |
| 606 | 0 | @a毛主席诗词 |
| 690 | @aA44@v5 | |
| 711 | 02 | @a中共中央文献研究室@9zhong gong zhong yang wen xian yan jiu shi@4编 |
| 801 | 0 | @aCN@bTSSF@c20150201 |
| 905 | @aZUCC@dA44@eJY1:2 | |
| 毛泽东诗词集.下/中共中央文献研究室编.-北京:中国盲文出版社,2005 |
| 2册;31cm |
| ISBN 7-5002-1993-8:CNY38.00 |
| 本书以时间为序共收毛泽东诗词六十七首,对重点字词进行注释,且收录了部分手迹,部分书信、批语、引言等。 |
| ● |
| 相关链接 |
|
|
|
|
正题名:毛泽东诗词集
索取号:A44/JY1:2
 
预约/预借
| 序号 | 登录号 | 条形码 | 馆藏地/架位号 | 状态 | 备注 |
| 1 | 7864739 | 278647396 | 学院路分馆/ [索取号:A44/JY1:2] | 在馆 |